000
00205 a2200097 4500
001
48139
100
_a
Hitti, P.K
245
_a
Syria : a short history
260
_a
_b
Macmillan
_c
090
_c
31109
_d
31109
942
_a
NUST-CAE
_c
M
_c
23458
999
_c
283212
_d
283212